00500nam a2200169 a 4500008004100000020001500041050001600056100001700072245009300089260005400182350000900236700001500245700001600260700001800276700002000294700001600314120416s1993 ||||||||||||||||| || u a090767951X aLC 1043 Gen aWaites, Nick10aGeneral national vocational qualification(GNVQ): Core skillscby Rod Ashley (and others) aSunderland:bBusiness Education Publishersc1993. a0.00 aMorton Jim aHind, David aEllison, John aKnott, Geoffrey aAshley, Rod